| 000 | 01362cam a2200349 a 4500 | ||
|---|---|---|---|
| 001 | 3034650 | ||
| 003 | NUST | ||
| 005 | 20220105154554.0 | ||
| 008 | 950807s1996 caua b 001 0 eng | ||
| 010 | _a 95037027 | ||
| 020 | _a1558603298 (cloth) | ||
| 020 | _a1558603727 (paper) | ||
| 038 | _aWaseem | ||
| 040 |
_aDLC _cDLC _dDLC |
||
| 050 | 0 | 0 |
_aQA76.9.A73 _bP377 1996 |
| 082 | 0 | 0 |
_a004.22 _bHEN |
| 100 | 1 |
_aPatterson, David A. _987282 |
|
| 245 | 1 | 0 |
_aComputer architecture : _ba quantitative approach / _cDavid A. Patterson, John L. Hennessy ; with a contribution by David Goldberg. |
| 250 | _a2nd ed. | ||
| 260 |
_aSan Francisco : _bMorgan Kaufmann Publishers, _c1996. |
||
| 300 |
_a1 v. (various pagings) : _bill. ; _c25 cm. |
||
| 504 | _aIncludes bibliographical references and index. | ||
| 563 | _aHBK. | ||
| 650 | 0 |
_aComputer architecture. _987283 |
|
| 700 | 1 |
_aHennessy, John L. _987284 |
|
| 700 | 1 |
_aGoldberg, David, _d1954- _987285 |
|
| 856 | 4 | 2 |
_3Publisher description _uhttp://www.loc.gov/catdir/description/els032/95037027.html |
| 856 | 4 | 1 |
_3Table of contents _uhttp://www.loc.gov/catdir/toc/els032/95037027.html |
| 906 |
_a7 _bcbc _corignew _d1 _eocip _f19 _gy-gencatlg |
||
| 942 |
_2ddc _cBK |
||
| 999 |
_c587500 _d587500 |
||